| 000 | 00551nam a2200241Ia 4500 | ||
|---|---|---|---|
| 008 | 210210b1925 xxu||||| |||| 00| 0 eng d | ||
| 041 | _aeng | ||
| 082 | _a531/84 | ||
| 100 | _aJOSEPH (V J) | ||
| 245 | _aAdvanced experimental physics: Practical and theoretical Ed 5 | ||
| 250 | _a | ||
| 260 |
_aMangalore _b- _c1925 |
||
| 300 | _aiv,758 | ||
| 650 | _atheoretical | ||
| 650 | _aPractical | ||
| 650 | _aphysics: | ||
| 650 | _aexperimental | ||
| 650 | _aEd | ||
| 650 | _aAdvanced | ||
| 650 | _a5 | ||
| 690 | _aPhysics | ||
| 906 | _a008285 | ||
| 999 |
_c126251 _d126251 |
||